[Event "301st YMCA Spring B"]
[Site "Warsaw"]
[Date "2025.05.22"]
[Round "5"]
[White "Kasperski, Marcin"]
[Black "Emmel, Bartosz"]
[Result "1-0"]
[WhiteElo "1707"]
[BlackElo "1815"]
[PlyCount "99"]
[EventDate "2025.04.24"]
[EventType "tourn"]
[EventRounds "1"]
[EventCountry "POL"]
[SourceDate "2025.04.24"]

1. c4 Nf6 2. g3 g6 3. Bg2 Bg7 4. Nc3 O-O 5. e4 d6 6. Nge2 c5 7. O-O Nc6 8. d3
Bd7 9. Bg5 a6 10. Qd2 Nd4 11. Nxd4 cxd4 12. Ne2 e5 13. f4 Qb6 14. fxe5 dxe5 15.
h3 Rac8 16. Kh2 Qd6 17. b4 Ne8 18. Qb2 h6 19. Bd2 Rc7 20. a4 f5 21. Ng1 Nf6 22.
b5 fxe4 23. Bb4 Qe6 24. Bxf8 Bxf8 25. Rxf6 Qxf6 26. Rf1 Qd6 27. Bxe4 axb5 28.
axb5 Be8 29. Qg2 b6 30. Qa2 Kh7 31. Qa8 Rf7 32. Nf3 Qe7 33. h4 Kg7 34. Qb8 Rf6
35. Ra1 Bd7 36. Qxe5 Be6 37. Qxd4 Kg8 38. Ra8 Bd7 39. Ne5 Bf5 40. Nc6 Qd6 41.
Qxd6 Rxd6 42. Bxf5 gxf5 43. Ne7+ Kf7 44. Nd5 Re6 45. Ra7+ Kg8 46. Nf4 Re3 47.
Rd7 Bg7 48. Rd5 Be5 49. Kg2 Kf7 50. Kf2 1-0

[Event "301st YMCA Spring B"]
[Site "Warsaw"]
[Date "2025.05.28"]
[Round "5"]
[White "Pichurko, Jakub"]
[Black "Zajaczkowski, Lukasz"]
[Result "0-1"]
[WhiteElo "1726"]
[BlackElo "1750"]
[PlyCount "150"]
[EventDate "2025.04.24"]
[EventType "tourn"]
[EventRounds "1"]
[EventCountry "POL"]
[SourceDate "2025.04.24"]

1. d4 c5 2. Nf3 e6 3. e3 Nf6 4. Bd3 Nc6 5. c3 b6 6. O-O Bb7 7. Nbd2 Be7 8. Qe2
d5 9. Ne5 Nxe5 10. dxe5 Ne4 11. Bb5+ Kf8 12. f3 Nxd2 13. Bxd2 Qc7 14. f4 g6 15.
Bd3 Rd8 16. Rad1 Kg7 17. Qf2 Rd7 18. Qg3 Kf8 19. a3 h5 20. h3 a6 21. Qe1 Qd8
22. b4 $11 c4 23. Bc2 Rg8 24. Ba4 b5 25. Bc2 a5 26. Kh2 a4 27. Rf2 Qa8 28. Re2
Kg7 29. Qg3 Kf8 30. Bc1 Qd8 31. Qe1 Kg7 32. Red2 Qc7 33. Qg3 Qd8 34. f5 exf5
35. Rd4 Kh7 36. e4 fxe4 37. Bxe4 Rg7 38. Qf3 Kg8 39. Bxd5 Rxd5 40. Rxd5 Qa8 41.
R1d4 Kh7 42. Qd1 Bxd5 43. Rxd5 Qc6 44. Rd7 Qe6 45. Qd5 g5 46. Qxe6 fxe6 47. Rb7
g4 48. hxg4 hxg4 49. g3 Bxb4 50. Rxg7+ Kxg7 51. cxb4 Kg6 52. Bb2 Kf5 53. Kg2
Ke4 54. Kf2 Kd3 55. Ke1 Kc2 56. Bd4 Kb3 57. Kd2 Kxa3 58. Kc3 Ka2 59. Be3 Kb1
60. Kd2 a3 61. Bd4 a2 62. Kd1 a1=Q 63. Bxa1 Kxa1 64. Kc1 Ka2 65. Kc2 Ka3 66.
Kc3 $11 Ka2 67. Kc2 c3 68. Kxc3 Ka3 69. Kd3 Kxb4 70. Ke4 Kc5 71. Kf4 b4 72.
Kxg4 b3 73. Kg5 b2 74. Kf6 Kd5 75. g4 b1=Q 0-1

[Event "301st YMCA Spring B"]
[Site "Warsaw"]
[Date "2025.05.29"]
[Round "6"]
[White "Emmel, Bartosz"]
[Black "Pichurko, Jakub"]
[Result "1-0"]
[WhiteElo "1815"]
[BlackElo "1726"]
[PlyCount "55"]
[EventDate "2025.04.24"]
[EventType "tourn"]
[EventRounds "1"]
[EventCountry "POL"]
[SourceDate "2025.04.24"]

1. e4 c6 2. b3 d5 3. exd5 cxd5 4. Bb2 Nc6 5. Nf3 Bg4 6. h3 Bh5 7. Bb5 e6 8. O-O
Nf6 9. Re1 Bd6 10. d3 O-O 11. Bxc6 bxc6 12. Nbd2 c5 13. c4 d4 14. b4 cxb4 15.
Bxd4 Be7 16. Qb3 a5 17. Bb2 a4 18. Qc2 h6 19. Ne5 Nd7 20. Nc6 Qe8 21. Ne4 Bg6
22. Qd2 Bxe4 23. Nxe7+ Qxe7 24. Rxe4 Rab8 $11 25. Rg4 Nf6 26. Qxh6 g6 27. Be5
b3 28. Rf4 1-0

[Event "301st YMCA Spring B"]
[Site "Warsaw"]
[Date "2025.05.28"]
[Round "6"]
[White "Kania, Tomasz"]
[Black "Kasperski, Marcin"]
[Result "1/2-1/2"]
[WhiteElo "1787"]
[BlackElo "1707"]
[PlyCount "63"]
[EventDate "2025.04.24"]
[EventType "tourn"]
[EventRounds "1"]
[EventCountry "POL"]
[SourceDate "2025.04.24"]

1. e4 e6 2. d4 d5 3. Nd2 Nf6 4. e5 Nfd7 5. Bd3 Nc6 6. c3 Nb6 7. Ne2 Bd7 8. O-O
h5 9. f4 g6 10. Nf3 Ne7 11. Be3 Nf5 12. Bf2 Bh6 13. Kh1 Bc6 14. Qc1 Qd7 15. b3
Nc8 16. Bxf5 gxf5 17. Bh4 Ne7 18. Ng3 Bg7 19. Bg5 Ng6 20. Nh4 Nxh4 21. Bxh4 Bb5
22. Rd1 Bf8 23. a4 Ba6 24. Qe3 Be7 25. Bxe7 Qxe7 26. Qf3 O-O-O 27. Nf1 Bxf1 28.
Qxf1 h4 29. a5 c6 30. Rd3 Rhg8 31. b4 a6 32. Ra2 $11 1/2-1/2

[Event "301st YMCA Spring B"]
[Site "Warsaw"]
[Date "2025.05.29"]
[Round "6"]
[White "Sucharski, Jakub"]
[Black "Pettersson , Alexander"]
[Result "1-0"]
[WhiteElo "1786"]
[BlackElo "1837"]
[PlyCount "79"]
[EventDate "2025.04.24"]
[EventType "tourn"]
[EventRounds "1"]
[EventCountry "POL"]
[SourceDate "2025.04.24"]

1. d4 Nf6 2. c4 d6 3. Nc3 e5 4. dxe5 dxe5 5. Qxd8+ Kxd8 6. Bg5 Be6 7. O-O-O+
Kc8 8. e3 Nbd7 9. Nf3 Ng4 10. Bh4 f6 11. h3 Nh6 12. g4 g5 13. Bg3 Nf7 14. Nd2
a5 15. Be2 Rg8 16. f4 Nd6 17. b3 gxf4 18. exf4 h5 19. fxe5 fxe5 20. Rdf1 Bh6
21. Kc2 a4 22. Nf3 axb3+ $11 23. axb3 hxg4 24. hxg4 Bf4 25. Bxf4 exf4 26. Nd4
Bf7 27. Rxf4 Bg6+ 28. Kb2 Nc5 29. Nd5 Re8 30. Rh6 Rxe2+ 31. Nxe2 Nd3+ 32. Kc3
Nxf4 33. Nexf4 Be8 34. Rxd6 cxd6 35. Nb6+ Kb8 36. Nxa8 Kxa8 37. g5 Bf7 38. g6
Bg8 39. g7 b6 40. Nd5 1-0

[Event "301st YMCA Spring B"]
[Site "Warsaw"]
[Date "2025.05.30"]
[Round "6"]
[White "Pietrzak, Wojciech"]
[Black "Bobinski, Lukasz"]
[Result "1/2-1/2"]
[WhiteElo "1849"]
[BlackElo "1854"]
[PlyCount "61"]
[EventDate "2025.04.24"]
[EventType "tourn"]
[EventRounds "1"]
[EventCountry "POL"]
[SourceDate "2025.04.24"]

1. e4 e6 2. d4 d5 3. Nc3 Nf6 4. e5 Nfd7 5. f4 c5 6. Nf3 Nc6 7. Be3 Be7 8. Qd2
O-O 9. dxc5 Qa5 10. O-O-O b6 11. Bb5 Nb4 12. a3 bxc5 13. Bxd7 Bxd7 14. axb4
cxb4 15. Nb1 Rfc8 16. Nd4 Qa2 17. Qd3 a5 18. f5 a4 19. f6 gxf6 20. Bh6 Kh8 21.
exf6 Bd6 22. Rhf1 a3 23. bxa3 bxa3 24. Kd2 Qb2 25. Bg7+ Kg8 26. Rf3 Bb4+ 27.
Ke2 e5 28. Rg3 Qxd4 29. Qxd4 exd4 30. Bh6+ Kh8 31. Bg7+ $11 1/2-1/2

[Event "301st YMCA Spring B"]
[Site "Warsaw"]
[Date "2025.05.27"]
[Round "6"]
[White "Kurowski, Andrzej"]
[Black "Kepa, Wojciech"]
[Result "0-1"]
[WhiteElo "1763"]
[BlackElo "1760"]
[PlyCount "110"]
[EventDate "2025.04.24"]
[EventType "tourn"]
[EventRounds "1"]
[EventCountry "POL"]
[SourceDate "2025.04.24"]

1. Nf3 d5 2. d4 Nf6 3. c4 e6 4. Nc3 c5 5. cxd5 Nxd5 6. e4 Nxc3 7. bxc3 cxd4 8.
cxd4 Nc6 9. Bc4 b5 10. Bd3 Bb4+ 11. Bd2 Qa5 12. Bxb4 Nxb4 13. O-O Nxd3 14. Qxd3
O-O 15. Rfb1 Ba6 16. Qb3 Rac8 17. Rc1 Bb7 18. Qe3 Rxc1+ 19. Rxc1 Qxa2 20. h3
Rc8 21. Rxc8+ Bxc8 22. d5 Qa6 23. Qc5 h6 24. Nd4 Bd7 25. Nc6 Qb6 26. Qxb6 axb6
27. Ne5 exd5 28. Nxd7 dxe4 29. Nxb6 f5 30. Kf1 Kf7 31. Nd5 g5 32. Ke2 h5 33.
Ke3 Kg6 34. Kd4 h4 35. Ke5 g4 36. Ne7+ Kg5 37. Nxf5 b4 38. Ne3 b3 39. Nc4 g3
40. Nd2 gxf2 41. Nxe4+ Kh5 42. Nxf2 b2 43. Nd3 b1=Q 44. Nf4+ Kh6 45. Kf6 Qf1
46. Ke5 Qb5+ 47. Nd5 Kg5 48. Ke4 Qc4+ 49. Ke5 Qe2+ 50. Kd4 Qxg2 51. Nc3 Qd2+
52. Kc4 Kf4 53. Nd5+ Kf3 54. Nc3 Qxc3+ 55. Kxc3 Kg3 0-1

[Event "301st YMCA Spring B"]
[Site "Warsaw"]
[Date "2025.06.02"]
[Round "7"]
[White "Bobinski, Lukasz"]
[Black "Kurowski, Andrzej"]
[Result "0-1"]
[WhiteElo "1854"]
[BlackElo "1763"]
[PlyCount "80"]
[EventDate "2025.04.24"]
[EventType "tourn"]
[EventRounds "1"]
[EventCountry "POL"]
[SourceDate "2025.04.24"]

1. Nf3 f5 2. d3 Nf6 3. e4 d6 4. Nc3 e5 5. Be2 g6 6. d4 fxe4 7. Ng5 exd4 8.
Ncxe4 Bf5 9. Qxd4 Bg7 10. Ng3 Bd7 11. O-O Nc6 12. Qc4 d5 13. Qb3 Na5 14. Qc3
Nc6 15. Bf3 O-O 16. Qb3 Nd4 17. Bxd5+ Kh8 18. Qc4 Bb5 19. Qxd4 Bxf1 20. Qh4
Qxd5 21. Nxf1 Rad8 22. Bd2 h6 23. Rd1 Qf5 24. Nh3 Qg4 25. Qxg4 Nxg4 26. c3 Ne5
27. Re1 Rfe8 28. Nf4 g5 29. Nh5 Bf8 30. c4 Bc5 31. Nf6 Bxf2+ 32. Kxf2 Nd3+ 33.
Kg3 Rxe1 34. Bxe1 Nxe1 35. Nd5 c6 36. Nc3 Nd3 37. b3 Nf4 38. Ne3 Rd3 39. Ncd1
Rd2 40. a4 Nxg2 0-1

[Event "301st YMCA Spring B"]
[Site "Warsaw"]
[Date "2025.06.06"]
[Round "7"]
[White "Pettersson , Alexander"]
[Black "Pietrzak, Wojciech"]
[Result "0-1"]
[WhiteElo "1837"]
[BlackElo "1849"]
[PlyCount "76"]
[EventDate "2025.04.24"]
[EventType "tourn"]
[EventRounds "1"]
[EventCountry "POL"]
[SourceDate "2025.04.24"]

1. d4 Nf6 2. Nf3 e6 3. e3 d5 4. Bd3 b6 5. O-O Bd6 6. b3 O-O 7. Bb2 Bb7 8. Ne5
c5 9. Nd2 Nc6 10. a3 Ne7 11. Qf3 Qc7 12. Qh3 Ng6 13. f4 Ne4 14. Ndf3 Be7 15.
Nxg6 hxg6 16. Bxe4 dxe4 17. Ng5 Bxg5 18. fxg5 e5 19. dxe5 c4 20. Bd4 Bd5 21.
Rf4 Be6 22. Qh4 cxb3 23. cxb3 Bxb3 24. Rxe4 Bd5 25. Rf4 Rfd8 26. Raf1 Qc2 27.
R4f2 Qb3 28. e6 Bxe6 29. Rf4 Rac8 30. h3 $11 Qxa3 31. Bxg7 Qxe3+ 32. Kh1 Kxg7
33. Qh6+ Kg8 34. Rh4 Qe5 35. Qh7+ Kf8 36. Qxg6 Ke8 37. Qh6 Ke7 38. g6 Rh8 0-1

[Event "301st YMCA Spring B"]
[Site "Warsaw"]
[Date "2025.05.27"]
[Round "7"]
[White "Kasperski, Marcin"]
[Black "Sucharski, Jakub"]
[Result "0-1"]
[WhiteElo "1707"]
[BlackElo "1786"]
[PlyCount "162"]
[EventDate "2025.04.24"]
[EventType "tourn"]
[EventRounds "1"]
[EventCountry "POL"]
[SourceDate "2025.04.24"]

1. c4 g6 2. g3 Bg7 3. Bg2 c5 4. Nc3 e6 5. e4 Ne7 6. Nge2 Nbc6 7. O-O O-O 8. d3
a6 9. Be3 d6 10. Qd2 Ne5 11. h3 f5 12. f4 N5c6 13. Rad1 Nd4 14. Bxd4 cxd4 15.
Nb1 Rb8 16. Na3 Qb6 17. Rb1 e5 18. b4 fxe4 19. Bxe4 Bxh3 20. Rfc1 Bh6 21. c5
dxc5 22. bxc5 Qc7 23. Qb2 exf4 24. Qxd4 fxg3 25. Rc2 Rbd8 26. Qc4+ Kh8 27. Qc3+
Bg7 28. d4 Nc6 29. Qxg3 Bxd4+ 30. Kh1 Qxg3 31. Nxg3 Be5 32. Kh2 Bc8 33. Nc4 Nd4
34. Rg2 Bf4 35. Kh1 Bh3 36. Rh2 Be6 37. Rxb7 Rd7 38. Rxd7 Bxd7 39. Rf2 Kg7 40.
Kg2 Be6 41. Nb6 Bxg3 42. Kxg3 Rxf2 43. Kxf2 Bxa2 44. c6 Nb5 45. Bd5 Bxd5 46.
Nxd5 Na7 47. c7 Nc8 48. Ke3 Kf7 49. Kd4 g5 50. Kc5 g4 51. Kc6 g3 52. Ne3 h5 53.
Ng2 Kf6 54. Kb7 Ne7 55. Kxa6 Kg5 56. Kb5 h4 57. Ne3 h3 58. Nd5 Nc8 59. Nb6 g2
60. Nxc8 g1=Q 61. Nd6 Qc1 62. Nc4 Qb1+ 63. Kc6 Qe4+ 64. Kc5 Qe7+ 65. Kc6 Qxc7+
66. Kxc7 h2 67. Kc6 h1=Q+ 68. Kc5 Qd1 69. Kb4 Kf4 70. Kc3 Qd8 71. Nd2 Qd5 72.
Nc4 Ke4 73. Nd2+ Ke3 74. Nc4+ Ke2 75. Kb4 Kd3 76. Nb2+ Kd4 77. Na4 Qb7+ 78. Ka3
Kc4 79. Nb2+ Kc3 80. Na4+ Kc2 81. Nc5 Qb5 0-1

[Event "301st YMCA Spring B"]
[Site "Warsaw"]
[Date "2025.06.04"]
[Round "7"]
[White "Pichurko, Jakub"]
[Black "Kania, Tomasz"]
[Result "1/2-1/2"]
[WhiteElo "1726"]
[BlackElo "1787"]
[PlyCount "39"]
[EventDate "2025.04.24"]
[EventType "tourn"]
[EventRounds "1"]
[EventCountry "POL"]
[SourceDate "2025.04.24"]

1. d4 Nf6 2. Bf4 d6 3. e3 g6 4. h3 Bg7 5. c3 O-O 6. Nd2 c5 7. Ngf3 Nc6 8. Be2
Re8 9. dxc5 dxc5 10. Ne5 Nxe5 11. Bxe5 Be6 12. Nf3 Qxd1+ 13. Rxd1 Rad8 14. O-O
Nd5 15. Bxg7 Kxg7 16. Ng5 Nc7 17. Nxe6+ Nxe6 18. Rxd8 Rxd8 19. Rd1 Rxd1+ 20.
Bxd1 1/2-1/2

[Event "301st YMCA Spring B"]
[Site "Warsaw"]
[Date "2025.06.05"]
[Round "7"]
[White "Zajaczkowski, Lukasz"]
[Black "Emmel, Bartosz"]
[Result "0-1"]
[WhiteElo "1750"]
[BlackElo "1815"]
[PlyCount "113"]
[EventDate "2025.04.24"]
[EventType "tourn"]
[EventRounds "1"]
[EventCountry "POL"]
[SourceDate "2025.04.24"]

1. c4 Nf6 2. Nc3 g6 3. g3 Bg7 4. Bg2 O-O 5. d3 e5 6. e4 h6 7. Nge2 c6 8. O-O d6
9. b4 Na6 10. b5 Nc7 11. a4 d5 12. f4 dxe4 13. fxe5 exd3 14. exf6 dxe2 15. Qxe2
Bxf6 16. Rxf6 Qxf6 17. Bb2 Re8 18. Ne4 Rxe4 19. Bxe4 Qe7 20. Qe3 f5 21. Qxh6
Qh7 22. Qd2 Be6 23. Bg2 Bxc4 24. bxc6 b6 25. Re1 Be6 26. Qd6 Re8 27. Be5 Bc8
28. Rd1 Ne6 29. Bd5 Qe7 30. Qxe7 Rxe7 31. Bd6 Re8 32. Re1 Kf7 33. c7 Kf6 34.
Be5+ Ke7 35. Bc6 Bd7 36. Bb7 Bc8 37. Bf3 Bd7 38. Rd1 Rg8 39. Bb7 Bc8 40. Bc6 g5
41. Bd6+ Kf6 42. h3 Rh8 43. a5 Rh7 44. axb6 axb6 45. Ra1 Nd4 46. Bd5 Nb5 47.
Bf8 Nxc7 48. Bb3 Rxh3 49. Kg2 Rh8 50. Bb4 Bb7+ 51. Kf2 Rh2+ 52. Ke3 f4+ 53. Kd3
f3 54. Bc3+ Kf5 55. Ra7 Be4+ 56. Ke3 Re2+ 57. Kd4 0-1

[Event "301st YMCA Spring B"]
[Site "Warsaw"]
[Date "2025.06.18"]
[Round "8"]
[White "Kania, Tomasz"]
[Black "Zajaczkowski, Lukasz"]
[Result "1/2-1/2"]
[WhiteElo "1787"]
[BlackElo "1750"]
[PlyCount "49"]
[EventDate "2025.04.24"]
[EventType "tourn"]
[EventRounds "1"]
[EventCountry "POL"]
[SourceDate "2025.04.24"]

1. e4 c5 2. Nf3 e6 3. d4 cxd4 4. Nxd4 a6 5. c4 Nf6 6. Nc3 Qc7 7. Be2 Bb4 8. O-O
Nc6 9. Nxc6 dxc6 10. Qc2 e5 11. Bg5 Be7 12. h3 O-O 13. Be3 Be6 14. c5 Nd7 15.
b4 Rfd8 16. Rfc1 h6 17. Na4 Bg5 18. Bxg5 hxg5 19. Rd1 Nf8 20. Nb6 Rxd1+ 21.
Rxd1 Rd8 22. a4 Rd4 23. Bc4 Qd8 24. Rxd4 Qxd4 25. Kh2 1/2-1/2

[Event "301st YMCA Spring B"]
[Site "Warsaw"]
[Date "2025.06.24"]
[Round "8"]
[White "Sucharski, Jakub"]
[Black "Pichurko, Jakub"]
[Result "1-0"]
[WhiteElo "1786"]
[BlackElo "1726"]
[PlyCount "103"]
[EventDate "2025.04.24"]
[EventType "tourn"]
[EventRounds "1"]
[EventCountry "POL"]
[SourceDate "2025.04.24"]

1. e4 c6 2. d4 d5 3. e5 c5 4. dxc5 e6 5. a3 Bxc5 6. b4 Bf8 7. Bb2 Ne7 8. Nf3 a6
9. Nbd2 Nbc6 10. Bd3 Ng6 11. g3 Be7 12. Qe2 b5 13. h4 f6 14. exf6 Bxf6 15.
Bxg6+ hxg6 16. Ne5 Nxe5 17. Bxe5 Bxe5 18. Qxe5 Qf6 $11 19. f4 Qxe5+ 20. fxe5 g5
21. Nb3 Ra7 22. O-O-O gxh4 23. Rxh4 Rxh4 24. gxh4 Rf7 25. Rg1 Kf8 26. Nc5 Rf4
27. Rh1 Kf7 28. h5 Kg8 29. Rg1 Rf5 30. h6 g5 31. Nd3 Kh7 32. Rh1 g4 33. Kd2 Rg5
34. Ke3 Rg6 35. Rg1 Kxh6 36. Kf4 g3 37. Rxg3 Rxg3 38. Kxg3 Kg5 39. Kf3 Kf5 40.
Ke3 Bd7 41. Kd4 Be8 42. Nc5 Bh5 43. Nxa6 Bd1 44. Nc7 Be2 45. Ne8 Kg6 46. Kc5
Kf5 47. Kd6 d4 48. Ng7+ Ke4 49. Nxe6 Bd1 50. Kc5 Kxe5 51. Nxd4 Ke4 52. c3 1-0

[Event "301st YMCA Spring B"]
[Site "Warsaw"]
[Date "2025.05.06"]
[Round "8"]
[White "Pietrzak, Wojciech"]
[Black "Kasperski, Marcin"]
[Result "1-0"]
[WhiteElo "1849"]
[BlackElo "1707"]
[PlyCount "61"]
[EventDate "2025.04.24"]
[EventType "tourn"]
[EventRounds "1"]
[EventCountry "POL"]
[SourceDate "2025.04.24"]

1. e4 d6 2. d4 g6 3. Nc3 Bg7 4. Nf3 c6 5. a4 Nf6 6. Be2 O-O 7. O-O Bg4 8. h3
Bxf3 9. Bxf3 e6 10. Qe2 d5 11. e5 Nfd7 12. b4 Nb6 13. a5 Nc4 14. Na4 Nd7 15. g3
b5 16. Nb2 Nxb2 17. Bxb2 a6 18. Bg2 Qe7 19. c3 Rae8 20. Rae1 f5 21. exf6 Qxf6
22. f4 g5 23. Bc1 gxf4 24. Rxf4 Qg6 25. Rg4 Qf7 26. Bh6 e5 27. Rxg7+ Qxg7 28.
Bxg7 exd4 29. Qxe8 Rxe8 30. Rxe8+ Kxg7 31. cxd4 1-0

[Event "301st YMCA Spring B"]
[Site "Warsaw"]
[Date "2025.06.10"]
[Round "8"]
[White "Kurowski, Andrzej"]
[Black "Pettersson , Alexander"]
[Result "0-1"]
[WhiteElo "1763"]
[BlackElo "1837"]
[PlyCount "120"]
[EventDate "2025.04.24"]
[EventType "tourn"]
[EventRounds "1"]
[EventCountry "POL"]
[SourceDate "2025.04.24"]

1. Nf3 Nf6 2. c4 e6 3. d4 d5 4. Nc3 Nbd7 5. Bg5 Be7 6. e3 h6 7. Bh4 O-O 8. cxd5
exd5 9. Bd3 c6 10. Qc2 Re8 11. O-O Ne4 12. Bxe7 Qxe7 13. Rae1 Ndf6 14. Ne5 Nd7
15. Nxd7 Bxd7 16. f3 Nxc3 17. bxc3 c5 18. Bh7+ Kh8 19. Bf5 Bb5 20. Bd3 Bxd3 21.
Qxd3 Rad8 22. e4 cxd4 23. cxd4 dxe4 24. fxe4 b5 25. d5 a6 26. Qc3 f6 27. Qc6
Qa7+ 28. Kh1 Rc8 29. Qd6 Rcd8 30. Qf4 Qd4 31. h3 Re5 32. Qh4 Kh7 33. Qf4 Rde8
34. Qf3 Rxe4 35. Rd1 Qe5 36. d6 Rd8 37. Qd3 Kh8 38. d7 Re3 39. Qxe3 Qxe3 40.
Rfe1 Qxe1+ 41. Rxe1 Rxd7 42. Re6 a5 43. Ra6 a4 44. Rb6 Rd5 45. Kg1 a3 46. Kh2
Kh7 47. Kg3 Kg6 48. Kf4 Rd2 49. Rxb5 Rxg2 50. Ra5 Rxa2 51. h4 h5 52. Kg3 Ra1
53. Kg2 a2 54. Kh2 Kf7 55. Ra6 Ke7 56. Kg2 Kd7 57. Kh2 Ke7 58. Kg2 g5 59. hxg5
fxg5 60. Kh2 h4 0-1

[Event "301st YMCA Spring B"]
[Site "Warsaw"]
[Date "2025.06.13"]
[Round "8"]
[White "Kepa, Wojciech"]
[Black "Bobinski, Lukasz"]
[Result "0-1"]
[WhiteElo "1760"]
[BlackElo "1854"]
[PlyCount "46"]
[EventDate "2025.04.24"]
[EventType "tourn"]
[EventRounds "1"]
[EventCountry "POL"]
[SourceDate "2025.04.24"]

1. d4 e6 2. c4 b6 3. e4 Bb4+ 4. Bd2 Bxd2+ 5. Qxd2 d5 6. Bd3 Nc6 7. Nf3 dxe4 8.
Bxe4 Bb7 9. Ne5 Nge7 10. Na3 Qc8 11. Rd1 $11 Nxe5 12. Bxb7 Qxb7 13. dxe5 O-O
14. O-O a6 15. Qd3 Nf5 16. Nc2 c5 17. g4 Nh4 18. Ne1 f5 19. Qd7 Qe4 20. Qxe6+
Kh8 21. Qd5 Qxg4+ 22. Ng2 Nf3+ 23. Kh1 Qh3 0-1

[Event "301st YMCA Spring B"]
[Site "Warsaw"]
[Date "2025.06.12"]
[Round "9"]
[White "Pettersson , Alexander"]
[Black "Kepa, Wojciech"]
[Result "1-0"]
[WhiteElo "1837"]
[BlackElo "1760"]
[PlyCount "63"]
[EventDate "2025.04.24"]
[EventType "tourn"]
[EventRounds "1"]
[EventCountry "POL"]
[SourceDate "2025.04.24"]

1. d4 Nf6 2. Nf3 e6 3. e3 b6 4. Bd3 Bb7 5. O-O c5 6. c4 Be7 7. Nc3 O-O 8. d5
exd5 9. cxd5 Ne8 10. Qc2 g6 11. e4 Nc7 12. Re1 Re8 13. Bf4 d6 14. Rad1 a6 15.
e5 Nxd5 16. Nxd5 Bxd5 17. exd6 Bxf3 18. dxe7 Qd4 19. Be2 Qe4 20. Qxe4 Bxe4 21.
Rd8 Nc6 22. Rxa8 Rxa8 23. Bf1 f5 24. f3 Re8 25. fxe4 Rxe7 26. Bxa6 Kg7 27. e5
Nd4 28. Bg5 Re8 29. Bf6+ Kf7 30. Bc4+ Kf8 31. e6 b5 32. e7+ 1-0

[Event "301st YMCA Spring B"]
[Site "Warsaw"]
[Date "2025.05.20"]
[Round "9"]
[White "Kasperski, Marcin"]
[Black "Kurowski, Andrzej"]
[Result "1-0"]
[WhiteElo "1707"]
[BlackElo "1763"]
[PlyCount "125"]
[EventDate "2025.04.24"]
[EventType "tourn"]
[EventRounds "1"]
[EventCountry "POL"]
[SourceDate "2025.04.24"]

1. c4 f5 2. Nc3 Nf6 3. d3 d6 4. g3 g6 5. Bg2 Bg7 6. Qb3 c6 7. Nf3 Na6 8. O-O
Nc5 9. Qc2 a5 10. Be3 Na6 11. Rad1 e5 12. Na4 c5 13. Qb3 Rb8 14. Nb6 O-O 15.
Ng5 h6 16. Nxc8 Qxc8 17. Nh3 Kh7 18. f4 Qe8 19. Qb6 Qd8 20. Qxd8 Rfxd8 21. Bd2
b6 22. Nf2 exf4 23. Bxf4 Nh5 24. Bc1 Nb4 25. a3 Na2 26. Bd2 Bxb2 27. g4 Ng7 28.
gxf5 Nxf5 29. e4 Nd4 30. Ng4 Rf8 31. Bxh6 Ne2+ 32. Kh1 Rxf1+ 33. Rxf1 Rb7 34.
Rf2 Nac3 35. Bf1 Bc1 36. Bxc1 Nxc1 37. Rc2 N1a2 38. Nf6+ Kg7 39. Ne8+ Kf8 40.
Nxd6 Rd7 41. Nb5 Nxb5 42. cxb5 Nb4 43. axb4 axb4 44. Kg1 Ke7 45. Kf2 Kf6 46.
Ke3 Ke5 47. Bh3 Rh7 48. Bc8 Rh8 49. Bg4 Rh4 50. Rg2 Rh8 51. Bf3 Rh6 52. Bg4 Rh8
53. h3 Rh6 54. Rf2 Rh8 55. Ra2 Rb8 56. Bd7 Kd6 57. Bc6 Rh8 58. Rh2 Ke5 59. Bd5
Rh7 60. h4 Ra7 61. Rg2 Rh7 62. Rxg6 Rxh4 63. Re6# 1-0

[Event "301st YMCA Spring B"]
[Site "Warsaw"]
[Date "2025.06.19"]
[Round "9"]
[White "Pichurko, Jakub"]
[Black "Pietrzak, Wojciech"]
[Result "1/2-1/2"]
[WhiteElo "1726"]
[BlackElo "1849"]
[PlyCount "54"]
[EventDate "2025.04.24"]
[EventType "tourn"]
[EventRounds "1"]
[EventCountry "POL"]
[SourceDate "2025.04.24"]

1. Nf3 d5 2. d4 Nf6 3. g3 e6 4. Bg2 Bd6 5. b3 O-O 6. O-O h6 7. Bb2 b6 8. Nbd2
Nbd7 9. Ne5 Bb7 10. c4 a5 11. a3 Ra7 12. cxd5 exd5 13. Rc1 Qe7 14. Nxd7 Qxd7
15. Re1 Re8 16. Qc2 Qb5 17. Bf1 $11 Ne4 18. e3 Qd7 19. Nxe4 dxe4 20. Red1 Bd5
21. Bc4 c6 22. Bxd5 cxd5 23. Qc6 Qe7 24. Qxd5 Bxa3 25. Bxa3 Qxa3 26. Rc6 Qb4
27. Rdc1 Rae7 $11 1/2-1/2

[Event "301st YMCA Spring B"]
[Site "Warsaw"]
[Date "2025.06.12"]
[Round "9"]
[White "Zajaczkowski, Lukasz"]
[Black "Sucharski, Jakub"]
[Result "0-1"]
[WhiteElo "1750"]
[BlackElo "1786"]
[PlyCount "108"]
[EventDate "2025.04.24"]
[EventType "tourn"]
[EventRounds "1"]
[EventCountry "POL"]
[SourceDate "2025.04.24"]

1. c4 e5 2. Nc3 Nf6 3. Nf3 Nc6 4. e3 d5 5. cxd5 Nxd5 6. Bb5 Nxc3 7. bxc3 Bd6 8.
d4 exd4 9. cxd4 Bd7 10. O-O O-O 11. Rb1 Re8 12. Re1 a6 13. Bd3 Bg4 14. h3 Bh5
15. g4 Bg6 16. Bxg6 hxg6 17. Rxb7 Bb4 18. Bd2 a5 19. a3 Qc8 20. Rb5 Qa6 21. a4
f6 22. Qc2 Bxd2 23. Qxd2 Nb4 24. Rc1 c6 25. Rbc5 Rac8 26. R1c4 Qb6 27. Ne1 Kf7
28. Nd3 Nd5 29. Qc2 Ne7 30. Rc3 Rh8 31. Kg2 Qd8 32. Rb3 g5 33. Qc4+ Kf8 34. Rb7
Rc7 35. Rxc7 Qxc7 36. Qe6 Ke8 37. Rc3 Qd7 38. Qxd7+ Kxd7 39. Rc5 Ra8 40. e4 Ng6
41. Kg3 Rb8 42. Rc3 Kd6 43. Kg2 Nh4+ 44. Kg3 Ng6 45. f3 Rb1 46. Rc5 Rb3 47. e5+
Kc7 48. Ne1 Kb6 49. exf6 gxf6 50. Rf5 Nf4 51. Rxf6 Rb1 52. Nc2 Rg1+ 53. Kf2
Rg2+ 54. Ke3 Re2# 0-1

[Event "301st YMCA Spring B"]
[Site "Warsaw"]
[Date "2025.06.20"]
[Round "9"]
[White "Emmel, Bartosz"]
[Black "Kania, Tomasz"]
[Result "0-1"]
[WhiteElo "1815"]
[BlackElo "1787"]
[PlyCount "48"]
[EventDate "2025.04.24"]
[EventType "tourn"]
[EventRounds "1"]
[EventCountry "POL"]
[SourceDate "2025.04.24"]

1. e4 c5 2. Nf3 Nc6 3. Nc3 g6 4. b3 Bg7 5. Bb2 Nf6 6. d3 O-O 7. Qd2 d5 8. exd5
Nxd5 9. O-O-O Nd4 10. Nxd4 cxd4 11. Nxd5 Qxd5 12. h4 a5 13. h5 a4 14. hxg6 fxg6
15. f3 axb3 16. axb3 Be6 17. Qb4 Bf6 18. Kb1 Rfc8 19. Be2 Qc6 20. Rd2 Qa6 21.
g4 Qa2+ 22. Kc1 Rc3 23. Bd1 Rac8 24. f4 Rxb3 0-1

[Event "301st YMCA Spring B"]
[Site "Warsaw"]
[Date "2025.06.26"]
[Round "10"]
[White "Sucharski, Jakub"]
[Black "Emmel, Bartosz"]
[Result "1-0"]
[WhiteElo "1786"]
[BlackElo "1815"]
[PlyCount "53"]
[EventDate "2025.04.24"]
[EventType "tourn"]
[EventRounds "1"]
[EventCountry "POL"]
[SourceDate "2025.04.24"]

1. e4 e6 2. d4 d5 3. Nd2 Nf6 4. e5 Nfd7 5. Bd3 c5 6. c3 Nc6 7. Ne2 cxd4 8. cxd4
f6 9. exf6 Nxf6 10. Nf3 Bd6 11. Bf4 Bxf4 12. Nxf4 Qa5+ 13. Qd2 Qxd2+ 14. Kxd2
Ne4+ 15. Ke3 g5 16. Nh5 g4 17. Bxe4 dxe4 18. Ne5 Nxe5 19. dxe5 O-O 20. Nf6+ Kg7
21. Kxe4 b6 22. Kf4 Bb7 23. Rac1 Rac8 24. Kxg4 Bxg2 25. Rhd1 Rxc1 26. Rxc1 Rf7
27. f3 1-0